000 00370nam a22001337a 4500
020 _a88573201
082 _a624.2
_bSHO
_cD
110 _aUnited States Steel.
_943530
245 _aShort span steel bridges /
_cUnited States Steel.
260 _aUSA :
_bUnited States Steel,
_c1973.
526 _a0
_b0
_c0
_d624_200000000000000_SHO
650 _aMCE
_9379
942 _2ddc
_cBK
999 _c547326
_d547326